书目信息 |
| 题名: |
女性婚恋社交手册
|
|
| 作者: | 林笑梅 编著 | |
| 分册: | ||
| 出版信息: | 郑州 中原农民出版社 2002.02 |
|
| 页数: | 199页 | |
| 开本: | 21cm | |
| 丛书名: | 女性手册 | |
| 单 册: | ||
| 中图分类: | C913.1 | |
| 科图分类: | ||
| 主题词: | 女性--恋爱--基本知识 , 女性--人间交往--基本知识 , 女性--婚姻--基本知识 | |
| 电子资源: | ||
| ISBN: | 7-80641-106-2 | |
| 000 | 00886nam 2200265 450 | |
| 001 | 0131157313 | |
| 005 | 20051018092415.79 | |
| 010 | @a7-80641-106-2@dCNY10.00 | |
| 100 | @a20050506d2002 km y0chiy0120 ea | |
| 101 | 0 | @achi |
| 102 | @aCN@b410000 | |
| 105 | @ay z 000yy | |
| 200 | 1 | @a女性婚恋社交手册@Anu xing hun lian she jiao shou ce@f林笑梅编著@Flin xiao mei bian zhu |
| 210 | @a郑州@c中原农民出版社@d2002.02 | |
| 215 | @a199页@d21cm | |
| 225 | 2 | @a女性手册 |
| 330 | @a本书系统地回答了女性有关恋爱、婚姻、社交等方面近100个问题。如:“男人不喜欢的女人”、“为他花钱要小心”、“你知道日光的作用吗”等。 | |
| 410 | 0 | @12001 @a女性手册 |
| 606 | 0 | @a女性@x恋爱@x基本知识 |
| 606 | 0 | @a女性@x人间交往@x基本知识 |
| 606 | 0 | @a女性@x婚姻@x基本知识 |
| 690 | @aC913.1@v4 | |
| 701 | 0 | @a林笑梅@Alin xiao mei@4编著 |
| 801 | 0 | @aCN@bQSSK@c20051018 |
| 905 | @a10447@dC913.1@eL524 | |
| 女性婚恋社交手册/林笑梅编著.-郑州:中原农民出版社,2002.02 |
| 199页;21cm.-(女性手册) |
| ISBN 7-80641-106-2:CNY10.00 |
| 本书系统地回答了女性有关恋爱、婚姻、社交等方面近100个问题。如:“男人不喜欢的女人”、“为他花钱要小心”、“你知道日光的作用吗”等。 |
| ● |
| 相关链接 |
|
|
|
正题名:女性婚恋社交手册
索取号:C913.1/L524
 
预约/预借
| 序号 | 登录号 | 条形码 | 馆藏地/架位号 | 状态 | 备注 |
| 1 | 570369 | 205703693 | 社科库509/509社科库 60排6列3层/ [索取号:C913.1/L524] | 在馆 | |
| 2 | 570370 | 205703700 | 社科库509/509社科库 60排6列3层/ [索取号:C913.1/L524] | 在馆 | |
| 3 | 570371 | 205703719 | 社科库509/509社科库 60排6列3层/ [索取号:C913.1/L524] | 在馆 |